000 00936nmm a2200277 a 4500
001 ocm0001732470
003 TR-IsHL
005 20201028171131.0
008 180221s2018 tu ita
007 cr cn
020 _a9786052259115
035 _a1732470
_b(N$T)
050 0 4 _aPQ2637.A274
_bP316 2018
090 0 4 _aPQ2637.A274
_bP316 2018
100 1 _aSaint-Exupéry, Antoine de
245 1 0 _aIl piccolo principe
_h[electronic resource] /
_cAntoine de Saint-Exupéry ; traduzione di Levent Ergul
260 _aİstanbul :
_be-Kitap Projesi & Cheapest Books,
_c2018
300 _a127 p.
650 4 _aDil ve Edebiyat
650 4 _aLanguage and Literature
650 0 _aFransız romanı
650 0 _aFrench fiction
650 7 _aLITERARY COLLECTIONS / European / French
_2bisacsh
700 1 _aErgul, Levent
856 4 0 _uhttp://search.ebscohost.com/login.aspx?direct=true&scope=site&db=e011xww&AN=1732470
999 _c16625
_d16625